Fundamentals of physics
Αποθηκεύτηκε σε:
| Κύριος συγγραφέας: | |
|---|---|
| Άλλοι συγγραφείς: | , |
| Μορφή: | Βιβλίο |
| Γλώσσα: | English |
| Δημοσίευση: |
New York :
John Wiley,
c1997
|
| Έκδοση: | 5th ed. |
| Θέματα: | |
| Ετικέτες: |
Προσθήκη ετικέτας
Δεν υπάρχουν, Καταχωρήστε ετικέτα πρώτοι!
|
MARC
| LEADER | 00000cam a2200000 i 4500 | ||
|---|---|---|---|
| 001 | 1/45315 | ||
| 008 | 980515s1997 nyu| ||| |||| ||eng|| | ||
| 020 | |a 0471105589 | ||
| 035 | |l 10042508 | ||
| 040 | |a GR-MyUa |b gre |e AACR2 | ||
| 041 | 0 | |a eng | |
| 082 | 7 | |a 530 |2 (22) | |
| 100 | 1 | |a Halliday, David, |d 1916-2010. | |
| 245 | 1 | 0 | |a Fundamentals of physics / |c David Halliday, Robert Resnick, Jearl Walker. |
| 250 | |a 5th ed. | ||
| 260 | |a New York : |b John Wiley, |c c1997 | ||
| 300 | |a xxx, 1142 σ.; |b εικ. (ορισμένες έγχρ.); |c 26 εκ. | ||
| 500 | |a Περιλαμβάνει ευρετήριο. | ||
| 650 | 0 | |a Physics. | |
| 700 | 1 | |a Resnick, Robert, |d 1923-2014. | |
| 700 | 1 | |a Walker, Jearl, |d 1945- | |
| 852 | |a INST |b SAMOS |e 19980519 |h 530 HAL |p 005300011452 |q 005300011452 |t BK |y 0 | ||
| 852 | |a INST |b SAMOS |e 19980515 |h 530 HAL |p 005300011555 |q 005300011555 |t BK |y 0 | ||
| 852 | |a INST |b SAMOS |e 19980515 |h 530 HAL |p 005300011565 |q 005300011565 |t BK |y 0 | ||
| 852 | |a INST |b SAMOS |e 19980515 |h 530 HAL |p 005300011566 |q 005300011566 |t BK |y 0 | ||
| 901 | |a BIBL-1998-2 | ||
| 922 | |a 3ΕΛΗ |b 199805 |c ΚΠΣ |d ΠΑΠΑΣΩΤΗΡΙΟΥ | ||